Personal and human resource management (Record no. 13553)

MARC details
000 -LEADER
fixed length control field 00475nam a2200181Ia 4500
008 - FIXED-LENGTH DATA ELEMENTS--GENERAL INFORMATION
fixed length control field 230917s9999||||xx |||||||||||||| ||und||
020 ## - ISBN
Price RS415
040 ## - CATALOGING SOURCE
-- 222500
Original cataloging agency VIVEKANANDA LIBRARY
041 ## - Language
-- English
082 ## - DDC NUMBER
Classification number 658.3 S14P(5)
100 ## - MAIN ENTRY--PERSONAL NAME
Personal name Subba, Rao P
245 #0 - TITLE STATEMENT
Title Personal and human resource management
250 ## - EDITION STATEMENT
Edition statement 5th ed.
260 ## - PUBLICATION, DISTRIBUTION, ETC. (IMPRINT)
Place of publication, distribution, etc Mumbai
Name of publisher, distributor, etc Himalaya Publishing
Date of publication, distribution, etc 2014
300 ## - PHYSICAL DESCRIPTION
Pages 476 p.
500 ## - GENERAL NOTE
General note 1828 09/01/2015 HBD253 06/02/2015 Main Budget
942 ## - ADDED ENTRY ELEMENTS (KOHA)
Koha item type Books
Holdings
Withdrawn status Lost status Source of classification or shelving scheme Damaged status Not for loan Location (home branch) Sublocation or collection (holding branch) Date acquired Koha issues (times borrowed) Koha full call number Accession No. Koha date last seen Koha item type
Withdrawn   Dewey Decimal Classification Damaged   VIVEKANANDA LIBRARY VIVEKANANDA LIBRARY 25/04/2015   658.3 S14P(5) 338093 17/09/2023 Books
Withdrawn   Dewey Decimal Classification Damaged   VIVEKANANDA LIBRARY VIVEKANANDA LIBRARY 25/04/2015   658.3 S14P(5) 338094 17/09/2023 Books
          VIVEKANANDA LIBRARY VIVEKANANDA LIBRARY 25/04/2015   658.3 S14P(5) 338095 17/09/2023 Books
Withdrawn   Dewey Decimal Classification Damaged   VIVEKANANDA LIBRARY VIVEKANANDA LIBRARY 25/04/2015   658.3 S14P(5) 338096 17/09/2023 Books
          VIVEKANANDA LIBRARY VIVEKANANDA LIBRARY 25/04/2015 1 658.3 S14P(5) 338097 14/10/2023 Books
© Designed and Maintained by Vivekananda Library, MDU Rohtak